AFL Premiership Coaches since 1990 - Statistics

General Stats
  • This quiz has been taken 69 times
    24 since last reset
  • The average score is 31 of 36
Answer Stats
Year Club Answer % Correct
2011 Geelong Chris Scott
100%
2022 Geelong Chris Scott
100%
2017 Richmond Damian Hardwick
100%
2019 Richmond Damian Hardwick
100%
2020 Richmond Damian Hardwick
100%
2016 Western Bulldogs Luke Beveridge
100%
2008 Hawthorn Alastair Clarkson
95%
2013 Hawthorn Alastair Clarkson
95%
2014 Hawthorn Alastair Clarkson
95%
2015 Hawthorn Alastair Clarkson
95%
1990 Collingwood Leigh Matthews
95%
2001 Brisbane Leigh Matthews
95%
2002 Brisbane Leigh Matthews
95%
2003 Brisbane Leigh Matthews
95%
1992 West Coast Mick Malthouse
95%
1994 West Coast Mick Malthouse
95%
2010 Collingwood Mick Malthouse
95%
2024 Brisbane Chris Fagan
90%
2025 Brisbane Chris Fagan
90%
2023 Collingwood Craig McRae
90%
2018 West Coast Adam Simpson
86%
2012 Sydney John Longmire
86%
2021 Melbourne Simon Goodwin
81%
2007 Geelong Mark Thompson
76%
2009 Geelong Mark Thompson
76%
2004 Port Adelaide Mark Williams
76%
1993 Essendon Kevin Sheedy
71%
2000 Essendon Kevin Sheedy
71%
2005 Sydney Paul Roos
71%
1996 North Melbourne Denis Pagan
67%
1999 North Melbourne Denis Pagan
67%
2006 West Coast John Worsfold
67%
1995 Carlton David Parkin
62%
1997 Adelaide Malcolm Blight
62%
1998 Adelaide Malcolm Blight
62%
1991 Hawthorn Alan Joyce
52%
No matching quizzes found
Score Distribution
Percent of People with Each Score
Percentile by Number Answered
Your Score History
You have not taken this quiz since the last reset